[Event "CAN-ch op"]
[Site "Sackville"]
[Date "2001.07.14"]
[Round "9"]
[White "Nuschke, Alex"]
[Black "Nunes, Garvin"]
[Result "1-0"]
[WhiteElo "1632"]
[BlackElo "1794"]
[PlyCount "71"]
[EventDate "2001.07.??"]
[EventType "swiss"]
[EventRounds "10"]
[EventCountry "CAN"]
[SourceTitle "EXT 2006"]
[Source "ChessBase"]
[SourceDate "2005.11.24"]
[SourceVersion "1"]
[SourceVersionDate "2005.11.24"]
[SourceQuality "1"]

1. e4 c6 2. d4 d5 3. Nc3 dxe4 4. Nxe4 Nd7 5. Nf3 Ngf6 6. Bd3 Nxe4 7. Bxe4 Nf6 8. Bd3 e6 9. Bg5 Be7 10. c4 c5 11. Qa4+ Bd7 12. Qc2 cxd4 13. Nxd4 Qa5+ 14. Bd2 Qe5+ 15. Ne2 Bc6 16. f3 Rc8 17. Bc3 Qg5 18. Ng3 h5 19. Bd4 Bb4+ 20. Kf2 Ng4+ 21. Kf1 h4 22. Ne4 Ne3+ 23. Bxe3 Qxe3 24. Qe2 Qf4 25. a3 Be7 26. b4 b6 27. Kf2 Rd8 28. Rad1 0-0 29. g3 Qh6 30. Qe3 Qxe3+ 31. Kxe3 Ba4 32. Rd2 Rd7 33. Nc3 Bc6 34. Rhd1 Rfd8 35. Be4 Bxe4 36. Rxd7 1-0

[Event "CAN-ch op"]
[Site "Sackville"]
[Date "2001.07.12"]
[Round "7"]
[White "Nuschke, Alex"]
[Black "Erickson, John"]
[Result "0-1"]
[WhiteElo "1632"]
[BlackElo "1807"]
[PlyCount "72"]
[EventDate "2001.07.??"]
[EventType "swiss"]
[EventRounds "10"]
[EventCountry "CAN"]
[SourceTitle "EXT 2006"]
[Source "ChessBase"]
[SourceDate "2005.11.24"]
[SourceVersion "1"]
[SourceVersionDate "2005.11.24"]
[SourceQuality "1"]

1. e4 c5 2. Nf3 d6 3. Bb5+ Nc6 4. 0-0 Bd7 5. Nc3 g6 6. Re1 Bg7 7. d3 Nd4 8. Bxd7+ Qxd7 9. Nxd4 Bxd4 10. Ne2 Bg7 11. c3 Nf6 12. Ng3 0-0 13. Bf4 Rfd8 14. Qd2 d5 15. e5 Ne8 16. h4 Nc7 17. h5 Ne6 18. hxg6 hxg6 19. Bh6 Kh7 20. Bxg7 Kxg7 21. f4 Rh8 22. f5 Nd8 23. Qg5 Qc6 24. f6+ exf6 25. Nf5+ Kf8 26. exf6 Rh5 27. Qe3 gxf5 28. Qe7+ Kg8 29. Re3 Ne6 30. Rg3+ Rg5 31. Rh3 d4 32. Rh2 Nf4 33. g3 Rxg3+ 34. Kf2 Qf3+ 35. Ke1 Rg1+ 36. Kd2 Qxd3# 0-1

[Event "CAN-ch op"]
[Site "Sackville"]
[Date "2001.07.09"]
[Round "4"]
[White "Husic, Elvis"]
[Black "Nuschke, Alex"]
[Result "1-0"]
[WhiteElo "1935"]
[BlackElo "1632"]
[PlyCount "93"]
[EventDate "2001.07.??"]
[EventType "swiss"]
[EventRounds "10"]
[EventCountry "CAN"]
[SourceTitle "EXT 2006"]
[Source "ChessBase"]
[SourceDate "2005.11.24"]
[SourceVersion "1"]
[SourceVersionDate "2005.11.24"]
[SourceQuality "1"]

1. c4 e6 2. Nf3 Nf6 3. e3 b6 4. b3 Bb7 5. d4 Bb4+ 6. Bd2 Qe7 7. Be2 Ne4 8. 0-0 Bxd2 9. Nfxd2 0-0 10. Nxe4 Bxe4 11. Bf3 d5 12. Nc3 Bxf3 13. Qxf3 c6 14. cxd5 cxd5 15. Rac1 Na6 16. Qe2 Nc7 17. Rc2 a6 18. Rfc1 Ra7 19. Na4 b5 20. Nc5 b4 21. Qe1 a5 22. Qe2 g6 23. h3 Rb8 24. f4 Nb5 25. Na4 Nd6 26. Qe1 Ne4 27. g4 g5 28. fxg5 Qxg5 29. h4 Qf6 30. Nc5 Nc3 31. Qg3 Rd8 32. Rf2 Qg6 33. Kh2 Rc8 34. Rcf1 Rac7 35. Qe5 Ne4 36. Rf4 Nxc5 37. dxc5 Rxc5 38. h5 Rc2+ 39. Kh3 Qg7 40. Qxg7+ Kxg7 41. Rxf7+ Kg8 42. h6 Re2 43. Rg7+ Kh8 44. Rff7 Rxe3+ 45. Kh4 Rec3 46. Rxh7+ Kg8 47. Rfg7+ 1-0